Wird geladen...

Report to the secretary of state for India in council on the Portuguese records relating to the East Indies contained in the Archivo Da Torre Do Tombo and the Public Libraries at Lisbon and Evora

Bibliographische Detailangaben
1. Verfasser: Danvers F C
Format: Printed Book
Veröffentlicht: New Delhi Asian Educational Services 1991
Schlagworte:
LEADER 00875nam a22002171a 4500
020 |a 9788120607026  |c 0.00 
040 |a SSUS - Library - Kalady 
082 |a 954.029  |b DAN/R 
100 |a Danvers F C 
245 |a Report to the secretary of state for India in council on the Portuguese records relating to the East Indies contained in the Archivo Da Torre Do Tombo and the Public Libraries at Lisbon and Evora  |h [Text] 
260 |a New Delhi  |b Asian Educational Services  |c 1991 
300 |a 209p. 
500 |a Danvers 
600 |a East Indies Portuguese India 
600 |a History 
600 |a History Portuguese India 
600 |a History India 
852 |h 954.029  |i DAN/R  |p 023295  |9 495.00  |t 0 
942 |c BK 
999 |c 38076  |d 38076 
952 |0 0  |1 0  |4 0  |6 954_029000000000000_DAN_R  |7 0  |9 55073  |a SSUS  |b SSUS  |d 2015-01-08  |g 495.00  |o 954.029 DAN/R  |p 023295  |r 2015-01-08  |v 0.00  |w 2015-01-08  |y BK